[Event "CAN-Zonal qual. Online"]
[Site "Internet Chess Club"]
[Date "2021.06.01"]
[Round "5"]
[White "Talukdar, Rohan"]
[Black "Bareev, Evgeny"]
[Result "1/2-1/2"]
[WhiteElo "2341"]
[BlackElo "2638"]
[PlyCount "58"]
[EventDate "2021.05.31"]
[EventType "tourn (rapid)"]
[EventRounds "11"]
[EventCountry "CAN"]

1. e4 e6 2. d4 d5 3. Nd2 c5 4. Ngf3 Nc6 5. exd5 exd5 6. Bb5 Bd6 7. dxc5 Bxc5 8.
O-O Nge7 9. Nb3 Bd6 10. h3 O-O 11. Re1 Bf5 12. c3 Re8 13. Be3 a6 14. Bd3 Qd7
15. Nbd4 Bg6 16. Qd2 Na5 17. b3 Rac8 18. Bxg6 hxg6 19. c4 b6 20. cxd5 Nxd5 21.
Nc2 Nxe3 22. Nxe3 Rcd8 23. Rad1 Qb7 24. Qb2 Nc6 25. Ng4 Rxe1+ 26. Rxe1 Bb4 27.
Rc1 Bc5 28. Qe2 a5 29. Rd1 Rxd1+ 1/2-1/2

[Event "CAN-Zonal qual. Online"]
[Site "Internet Chess Club"]
[Date "2021.06.01"]
[Round "5"]
[White "Thavandiran, Shiyam"]
[Black "Plotkin, Victor"]
[Result "1-0"]
[WhiteElo "2420"]
[BlackElo "2367"]
[PlyCount "81"]
[EventDate "2021.05.31"]
[EventType "tourn (rapid)"]
[EventRounds "11"]
[EventCountry "CAN"]

1. e4 e5 2. Nf3 Nf6 3. Nc3 Nc6 4. Bb5 Bb4 5. O-O O-O 6. d3 Bxc3 7. bxc3 d6 8.
Bg5 h6 9. Bh4 a6 10. Ba4 b5 11. Bb3 Na5 12. Re1 Nxb3 13. axb3 Qe7 14. b4 Bb7
15. Nd2 g5 16. Bg3 Qe6 17. Nf1 Ne8 18. Ne3 Ng7 19. c4 f5 20. exf5 Nxf5 21. Nxf5
Qxf5 22. c5 Rae8 23. cxd6 cxd6 24. c4 Qd7 25. Qh5 Kh7 26. Rac1 bxc4 27. Rxc4
Bd5 28. Rcc1 Rc8 29. d4 exd4 30. Rxc8 Rxc8 31. Qd1 Rc4 32. Qd3+ Kg7 33. h4 gxh4
34. Bxh4 Qg4 35. Bg3 Rc3 36. Qxa6 Rxg3 37. fxg3 Qxg3 38. Qe2 d3 39. Qf2 Qg5 40.
Re3 h5 41. Rg3 1-0

[Event "CAN-Zonal qual. Online"]
[Site "Internet Chess Club"]
[Date "2021.06.02"]
[Round "6"]
[White "Bareev, Evgeny"]
[Black "Plotkin, Victor"]
[Result "1-0"]
[WhiteElo "2638"]
[BlackElo "2367"]
[PlyCount "87"]
[EventDate "2021.05.31"]
[EventType "tourn (rapid)"]
[EventRounds "11"]
[EventCountry "CAN"]

1. d4 d5 2. c4 e6 3. Nf3 Nf6 4. Nc3 Be7 5. Bf4 O-O 6. e3 c6 7. Bd3 Nbd7 8. O-O
Nh5 9. c5 Nxf4 10. exf4 f5 11. b4 Qc7 12. Qc1 Nf6 13. Rb1 Bd7 14. Qe3 b5 15. a4
a6 16. Ne5 Ne4 17. Ne2 bxa4 18. f3 Nf6 19. Nc3 a3 20. Na4 Be8 21. Nb6 Ra7 22.
Ra1 a5 23. Rxa3 axb4 24. Rxa7 Qxa7 25. Nxc6 Bxc6 26. Qxe6+ Kh8 27. Qxc6 Qa3 28.
Rd1 Qb3 29. Qa4 Qxa4 30. Nxa4 Ra8 31. Bc2 g6 32. Bb3 Kg7 33. Kf2 Bd8 34. Ke3
Ra7 35. Kd3 Re7 36. g3 Kf7 37. Rb1 Ba5 38. Ra1 Ra7 39. Kc2 Ke7 40. Nb2 Kd7 41.
Nd3 Bb6 42. Rxa7+ Bxa7 43. Nxb4 Ke6 44. Nc6 1-0

[Event "CAN-Zonal qual. Online"]
[Site "Internet Chess Club"]
[Date "2021.06.02"]
[Round "6"]
[White "Bellissimo, Joseph"]
[Black "Rusonik, Max"]
[Result "1-0"]
[WhiteElo "2203"]
[BlackElo "2047"]
[PlyCount "57"]
[EventDate "2021.05.31"]
[EventType "tourn (rapid)"]
[EventRounds "11"]
[EventCountry "CAN"]

1. e4 e5 2. Nf3 Nc6 3. Bc4 Bc5 4. c3 Nf6 5. d4 exd4 6. b4 Be7 7. b5 Na5 8. Bd3
d5 9. e5 Ne4 10. cxd4 Bb4+ 11. Bd2 Nxd2 12. Nbxd2 Nc4 13. Bxc4 dxc4 14. O-O Be6
15. Qc2 Qd5 16. Rab1 Bxd2 17. Qxd2 Rd8 18. Qg5 O-O 19. Rfe1 f6 20. exf6 Rxf6
21. Re5 Qd7 22. Rbe1 Rg6 23. Qh4 Bd5 24. Re7 Qxb5 25. a4 Qc6 26. R7e6 Rxe6 27.
Qxd8+ Kf7 28. Rxe6 Qxe6 29. Ng5+ 1-0

[Event "CAN-Zonal qual. Online"]
[Site "Internet Chess Club"]
[Date "2021.06.02"]
[Round "6"]
[White "Chen, Max"]
[Black "Gedajlovic, Max"]
[Result "0-1"]
[WhiteElo "1997"]
[BlackElo "2270"]
[PlyCount "130"]
[EventDate "2021.05.31"]
[EventType "tourn (rapid)"]
[EventRounds "11"]
[EventCountry "CAN"]

1. e4 e6 2. d4 d5 3. Nd2 c5 4. exd5 Qxd5 5. Ngf3 cxd4 6. Bc4 Qd6 7. O-O Nf6 8.
Nb3 Nc6 9. Nbxd4 Nxd4 10. Nxd4 Be7 11. Be3 O-O 12. Qf3 Qc7 13. Bd3 Bd7 14. Rfe1
Nd5 15. Bd2 Bf6 16. c3 Qb6 17. Nb3 a5 18. Be4 a4 19. Bxd5 exd5 20. Be3 Qb5 21.
Nc5 Bc6 22. Qe2 Qxe2 23. Rxe2 b6 24. Nd3 Bb5 25. Rd1 a3 26. Bd4 Bxd4 27. cxd4
Rfe8 28. Kf1 Rxe2 29. Kxe2 axb2 30. Kd2 Rxa2 31. Rb1 Bxd3 32. Kxd3 Kf8 33. Kc2
Ke7 34. Kb3 Ra5 35. Kb4 Ra2 36. Kb3 Ra5 37. Kb4 Kd6 38. Rxb2 Ra1 39. Kc3 Kc6
40. Kd3 Ra3+ 41. Kd2 Ra4 42. Kd3 b5 43. Rc2+ Rc4 44. Re2 b4 45. Re8 Kb7 46.
Re7+ Rc7 47. Re5 Kc6 48. h4 f6 49. Re6+ Kb5 50. Re8 b3 51. Rd8 Kb4 52. Kd2 b2
53. Ra8 Kb3 54. Rb8+ Ka2 55. Ra8+ Kb1 56. Ra5 Rc2+ 57. Kd1 Rxf2 58. Rxd5 Ka2
59. Ra5+ Kb3 60. Rb5+ Ka3 61. Rb8 Rf1+ 62. Kc2 Rc1+ 63. Kd2 b1=Q 64. Ra8+ Kb4
65. Rb8+ Ka5 0-1

[Event "CAN-Zonal qual. Online"]
[Site "Internet Chess Club"]
[Date "2021.06.02"]
[Round "6"]
[White "Kleinman, Michael"]
[Black "Thavandiran, Shiyam"]
[Result "1/2-1/2"]
[WhiteElo "2387"]
[BlackElo "2420"]
[PlyCount "47"]
[EventDate "2021.05.31"]
[EventType "tourn (rapid)"]
[EventRounds "11"]
[EventCountry "CAN"]

1. e4 d5 2. exd5 Qxd5 3. Nf3 Nf6 4. d4 Bf5 5. Be2 e6 6. O-O c6 7. c4 Qd8 8. Nc3
Nbd7 9. h3 Be7 10. Be3 O-O 11. Nh4 Bg6 12. d5 cxd5 13. Nxg6 hxg6 14. cxd5 exd5
15. Nxd5 Ne5 16. Nxf6+ Bxf6 17. Qb3 b6 18. Rac1 Rc8 19. Rxc8 Qxc8 20. Rc1 Qb7
21. Qc2 Qd5 22. a3 g5 23. Qc7 Qb3 24. Qc2 1/2-1/2

[Event "CAN-Zonal qual. Online"]
[Site "Internet Chess Club"]
[Date "2021.06.02"]
[Round "6"]
[White "Talukdar, Rohan"]
[Black "Plotkin, Mark"]
[Result "1-0"]
[WhiteElo "2341"]
[BlackElo "2430"]
[PlyCount "73"]
[EventDate "2021.05.31"]
[EventType "tourn (rapid)"]
[EventRounds "11"]
[EventCountry "CAN"]

1. e4 d6 2. d4 Nf6 3. Nc3 e5 4. Nge2 c6 5. a4 g6 6. g3 Bg7 7. Bg2 O-O 8. O-O
Nbd7 9. h3 Re8 10. g4 exd4 11. Nxd4 Nc5 12. Re1 h5 13. g5 Nfd7 14. f4 Qb6 15.
a5 Qb4 16. Nde2 Bf8 17. b3 Ne6 18. Kh1 Qc5 19. Qd3 b5 20. axb6 Qxb6 21. Be3 Qc7
22. b4 Bb7 23. Qc4 d5 24. Qb3 Nb6 25. b5 d4 26. Nxd4 Nxd4 27. Bxd4 Qxf4 28. Rf1
Qc7 29. bxc6 Bxc6 30. Rf6 Rad8 31. Rxg6+ Kh7 32. Rxc6 Qb7 33. Rf1 Re7 34. Rxf7+
Rxf7 35. g6+ Kh6 36. Qxf7 Qxc6 37. Be3# 1-0

[Event "CAN-Zonal qual. Online"]
[Site "Internet Chess Club"]
[Date "2021.06.02"]
[Round "7"]
[White "Gedajlovic, Max"]
[Black "Bellissimo, Joseph"]
[Result "1-0"]
[WhiteElo "2270"]
[BlackElo "2203"]
[PlyCount "67"]
[EventDate "2021.05.31"]
[EventType "tourn (rapid)"]
[EventRounds "11"]
[EventCountry "CAN"]

1. d4 Nf6 2. c4 e6 3. Nf3 d5 4. Nc3 a6 5. cxd5 exd5 6. Bg5 Be6 7. e3 Nbd7 8.
Bd3 Bd6 9. O-O O-O 10. Qc2 h6 11. Bh4 Re8 12. Bg3 Bxg3 13. hxg3 Bg4 14. Qb3 Ne4
15. Qxb7 Ndf6 16. Bxe4 dxe4 17. Ne5 Rb8 18. Qxa6 Rxb2 19. Qa3 Rb6 20. Rfc1 Be6
21. Qc5 Qb8 22. a4 Bc8 23. a5 Rbe6 24. Rcb1 Qa8 25. Qxc7 Qa6 26. Qxf7+ Kh7 27.
Qc7 R6e7 28. Qb6 Qa8 29. Nb5 Nd5 30. Qg6+ Kh8 31. Nd6 Re6 32. Ndf7+ Kg8 33.
Nxh6+ Kh8 34. Nef7# 1-0

[Event "CAN-Zonal qual. Online"]
[Site "Internet Chess Club"]
[Date "2021.06.02"]
[Round "7"]
[White "Plotkin, Mark"]
[Black "Bareev, Evgeny"]
[Result "1/2-1/2"]
[WhiteElo "2430"]
[BlackElo "2638"]
[PlyCount "97"]
[EventDate "2021.05.31"]
[EventType "tourn (rapid)"]
[EventRounds "11"]
[EventCountry "CAN"]

1. c4 c6 2. d4 d5 3. Nc3 Nf6 4. Nf3 e6 5. Bg5 Nbd7 6. e3 Qa5 7. Nd2 dxc4 8.
Bxf6 Nxf6 9. Nxc4 Qc7 10. Rc1 Be7 11. g3 O-O 12. Bg2 Rd8 13. O-O Bd7 14. Qe2
Rac8 15. Rfd1 Be8 16. Ne5 c5 17. Qf3 b5 18. g4 b4 19. Ne2 Qb8 20. g5 Nd5 21. h4
cxd4 22. exd4 Bd6 23. Nc4 Bb5 24. Nxd6 Qxd6 25. Ng3 Qf4 26. Qxf4 Nxf4 27. Bf1
Bxf1 28. Kxf1 Kf8 29. Rxc8 Rxc8 30. Ne2 Ng6 31. h5 Nh4 32. d5 e5 33. d6 Rd8 34.
Rd5 f6 35. Ng3 Kf7 36. gxf6 gxf6 37. Ke2 Ke6 38. Ra5 Rxd6 39. Rxa7 h6 40. a4
bxa3 41. bxa3 Ng2 42. Rh7 Nf4+ 43. Ke1 Ra6 44. Rxh6 Rxa3 45. Ne4 Kf5 46. Ng3+
Ke6 47. Ne4 Kf5 48. Ng3+ Ke6 49. Ne4 1/2-1/2

[Event "CAN-Zonal qual. Online"]
[Site "Internet Chess Club"]
[Date "2021.06.02"]
[Round "7"]
[White "Plotkin, Victor"]
[Black "Kleinman, Michael"]
[Result "1-0"]
[WhiteElo "2367"]
[BlackElo "2387"]
[PlyCount "141"]
[EventDate "2021.05.31"]
[EventType "tourn (rapid)"]
[EventRounds "11"]
[EventCountry "CAN"]

1. e4 c6 2. Nc3 d5 3. Nf3 a6 4. d4 Bg4 5. Be2 e6 6. h3 Bh5 7. exd5 cxd5 8. Ne5
Bxe2 9. Nxe2 Nf6 10. c3 Be7 11. O-O O-O 12. Qd3 Nbd7 13. f4 Ne4 14. Ng3 f5 15.
Nxe4 fxe4 16. Qe2 Nxe5 17. dxe5 Bc5+ 18. Be3 Qb6 19. Bxc5 Qxc5+ 20. Kh2 b5 21.
Rad1 Qc4 22. Qg4 Rf5 23. Qh4 Re8 24. Qf2 a5 25. a3 Qc7 26. g4 Rf7 27. Qd4 g5
28. fxg5 Ref8 29. Kg2 Rf3 30. Rxf3 Rxf3 31. Rf1 Qf7 32. Qd1 Rf4 33. Qe2 e3 34.
Rf3 Rxf3 35. Qxf3 Qg6 36. Qxe3 Qc2+ 37. Kg3 Qxb2 38. Qc5 Kf7 39. Qc7+ Ke8 40.
Qc6+ Kd8 41. Qd6+ Kc8 42. Qxe6+ Kb8 43. Qd6+ Kc8 44. Qc6+ Kb8 45. e6 Qe2 46.
Qd6+ Kc8 47. Qd7+ Kb8 48. Qd8+ Ka7 49. Qc7+ Ka6 50. Qc6+ Ka7 51. Qc7+ Ka6 52.
Qc6+ Ka7 53. Qxd5 h6 54. Qc5+ Kb7 55. Qd5+ Kb6 56. Qd4+ Kc6 57. e7 hxg5 58.
Qf6+ Kd7 59. Qxg5 Qe1+ 60. Kg2 Qe2+ 61. Kg3 Qe1+ 62. Kf4 Qd2+ 63. Kf5 Qd3+ 64.
Kf6 Qxc3+ 65. Qe5 Qc6+ 66. Kg7 Ke8 67. g5 Qd7 68. g6 Qxh3 69. Qf6 Kd7 70. Qf7
Qc3+ 71. Kg8 1-0

[Event "CAN-Zonal qual. Online"]
[Site "Internet Chess Club"]
[Date "2021.06.02"]
[Round "7"]
[White "Preotu, Razvan"]
[Black "Talukdar, Rohan"]
[Result "1-0"]
[WhiteElo "2487"]
[BlackElo "2341"]
[PlyCount "93"]
[EventDate "2021.05.31"]
[EventType "tourn (rapid)"]
[EventRounds "11"]
[EventCountry "CAN"]

1. e4 c5 2. Nf3 d6 3. d4 cxd4 4. Nxd4 Nf6 5. Nc3 a6 6. Be3 e5 7. Nb3 Be6 8. f3
h5 9. Qd2 Nbd7 10. O-O-O Rc8 11. Bd3 b5 12. Rhe1 Be7 13. h3 h4 14. Kb1 O-O 15.
f4 exf4 16. Bxf4 Nh5 17. Bh2 Ne5 18. Nd5 Bxd5 19. exd5 Bg5 20. Qf2 Re8 21. Bf5
Rc4 22. Bd3 Bf4 23. Bxc4 Bxh2 24. Be2 Bg3 25. Qa7 Nf4 26. Qxa6 Bxe1 27. Bxb5
Nxg2 28. Bxe8 Qxe8 29. Qe2 Nf4 30. Qxe1 g5 31. Nd4 Qd7 32. Qe4 Nxh3 33. Qf5
Qxf5 34. Nxf5 Nf2 35. Rf1 Ne4 36. Kc1 Ng3 37. Nxg3 hxg3 38. Rg1 f5 39. Rxg3 g4
40. Kd1 f4 41. Rg1 g3 42. Ke2 Kf7 43. Rf1 g2 44. Rxf4+ Kg6 45. Kf2 Kg5 46. Ra4
Nf3 47. Kxg2 1-0

[Event "CAN-Zonal qual. Online"]
[Site "Internet Chess Club"]
[Date "2021.06.02"]
[Round "7"]
[White "Thavandiran, Shiyam"]
[Black "Chen, Max"]
[Result "1/2-1/2"]
[WhiteElo "2420"]
[BlackElo "1997"]
[PlyCount "138"]
[EventDate "2021.05.31"]
[EventType "tourn (rapid)"]
[EventRounds "11"]
[EventCountry "CAN"]

1. e4 c6 2. Nf3 d5 3. d3 dxe4 4. dxe4 Qxd1+ 5. Kxd1 f6 6. Nfd2 e5 7. a4 Be6 8.
Bc4 Bxc4 9. Nxc4 Nd7 10. Ke2 O-O-O 11. Rd1 Nc5 12. Rxd8+ Kxd8 13. f3 Ne6 14.
Be3 Bc5 15. Bxc5 Nxc5 16. b4 Na6 17. Nd6 Nh6 18. Nxb7+ Kc7 19. Nc5 Nxc5 20.
bxc5 Nf7 21. Nd2 Nd8 22. Kd3 Ne6 23. Kc4 Rd8 24. Nb3 Nd4 25. Kc3 Ne2+ 26. Kb2
Nf4 27. g3 Ne6 28. Rf1 g5 29. Rh1 Rg8 30. Kc3 h5 31. Kd3 h4 32. Ke3 Rh8 33. Rd1
Rd8 34. Rd3 hxg3 35. hxg3 Rd7 36. Kf2 Rd8 37. Kg2 g4 38. fxg4 Ng5 39. Na5 Rd7
40. Nb3 Nxe4 41. Kf3 Ng5+ 42. Ke3 Rd5 43. Rd2 Rxd2 44. Nxd2 Kd7 45. Ne4 Nh7 46.
Kd3 Ke6 47. a5 a6 48. Kc4 Ng5 49. Nc3 Kd7 50. Kd3 Kd8 51. Ne4 Ke7 52. Nc3 Kd7
53. Na2 Ne6 54. Kc4 Kc7 55. Nb4 Kb7 56. Nd3 Kc7 57. Kc3 Kc8 58. Kb4 Nd4 59. g5
e4 60. g6 Ne6 61. Nf4 Ng7 62. g4 Kd7 63. Kc4 f5 64. Nh5 Nxh5 65. gxh5 Ke7 66.
g7 Kf7 67. h6 e3 68. Kd3 f4 69. Ke2 Kg8 1/2-1/2

[Event "CAN-Zonal qual. Online"]
[Site "Internet Chess Club"]
[Date "2021.06.02"]
[Round "8"]
[White "Bareev, Evgeny"]
[Black "Kleinman, Michael"]
[Result "1-0"]
[WhiteElo "2638"]
[BlackElo "2387"]
[PlyCount "63"]
[EventDate "2021.05.31"]
[EventType "tourn (rapid)"]
[EventRounds "11"]
[EventCountry "CAN"]

1. d4 Nf6 2. c4 g6 3. Nc3 d5 4. cxd5 Nxd5 5. e4 Nxc3 6. bxc3 Bg7 7. Qa4+ Nd7 8.
Nf3 O-O 9. Be2 c5 10. O-O Qc7 11. Bg5 Nb6 12. Qa3 Bg4 13. dxc5 Bxf3 14. gxf3
Qe5 15. Be3 Nd7 16. Rfd1 Nf6 17. Rab1 Nh5 18. Qc1 Rac8 19. Rxb7 Rxc5 20. Bxc5
Qxc5 21. Rd5 Qc8 22. Rxe7 Qh3 23. Rxa7 Rb8 24. Rad7 Bf6 25. f4 Bh4 26. Qe3 Qe6
27. R7d6 Rb1+ 28. Kg2 Qc8 29. Bxh5 gxh5 30. f5 Qf8 31. f6 Rb8 32. Qf4 1-0

[Event "CAN-Zonal qual. Online"]
[Site "Internet Chess Club"]
[Date "2021.06.02"]
[Round "8"]
[White "Bellissimo, Joseph"]
[Black "Thavandiran, Shiyam"]
[Result "1-0"]
[WhiteElo "2203"]
[BlackElo "2420"]
[PlyCount "59"]
[EventDate "2021.05.31"]
[EventType "tourn (rapid)"]
[EventRounds "11"]
[EventCountry "CAN"]

1. e4 d5 2. exd5 Qxd5 3. Nc3 Qa5 4. Nf3 Nf6 5. d4 Bf5 6. Ne5 c6 7. Bf4 e6 8.
Bd3 Bb4 9. Bxf5 Bxc3+ 10. bxc3 exf5 11. O-O O-O 12. Qd3 g6 13. Rab1 b5 14. c4
a6 15. a4 bxa4 16. Rxb8 Raxb8 17. Nxc6 Qb6 18. Nxb8 Nh5 19. Be5 Rxb8 20. Bxb8
Qxb8 21. c5 Qb7 22. Qc4 Qe4 23. Qd3 Qc6 24. Qf3 Qb5 25. c6 Qc4 26. d5 a3 27.
Qxa3 Qxd5 28. c7 Qc6 29. Qe7 Nf4 30. Qd8+ 1-0

[Event "CAN-Zonal qual. Online"]
[Site "Internet Chess Club"]
[Date "2021.06.02"]
[Round "8"]
[White "Chen, Max"]
[Black "Plotkin, Victor"]
[Result "1-0"]
[WhiteElo "1997"]
[BlackElo "2367"]
[PlyCount "115"]
[EventDate "2021.05.31"]
[EventType "tourn (rapid)"]
[EventRounds "11"]
[EventCountry "CAN"]

1. e4 e5 2. Nf3 Nf6 3. Nxe5 d6 4. Nf3 Nxe4 5. Nc3 Nxc3 6. dxc3 Be7 7. Be3 Nc6
8. Qd2 Be6 9. O-O-O Qd7 10. Kb1 a6 11. h4 h6 12. Nd4 Nxd4 13. Bxd4 Rg8 14. f3
O-O-O 15. g4 c5 16. Be3 Rge8 17. g5 h5 18. Bg2 Bf8 19. f4 g6 20. Qf2 Qb5 21.
Bd5 Bg7 22. Ka1 Bxd5 23. Rxd5 Qc4 24. Rd3 Re4 25. f5 Be5 26. Kb1 Re8 27. b3 Qb5
28. fxg6 fxg6 29. c4 Qc6 30. Rhd1 Re7 31. Bc1 Bd4 32. Qg3 Rg4 33. Qh3 Qe4 34.
Bb2 Kc7 35. Bxd4 cxd4 36. Rh1 Rf7 37. Kb2 Rf2 38. Rh2 Rxh2 39. Qxh2 Rxh4 40.
Qg3 Rg4 41. Qf2 Rf4 42. Qd2 Rg4 43. Qa5+ Kd7 44. c5 Rg2 45. Qa4+ Ke6 46. Qe8+
Kf5 47. Qc8+ Kxg5 48. Qd8+ Kg4 49. Qd7+ Kg5 50. Qd8+ Kg4 51. Qd7+ Qf5 52. Qxb7
Qxd3 53. Qxg2+ Qg3 54. Qxg3+ Kxg3 55. cxd6 h4 56. d7 h3 57. d8=Q h2 58. Qd5 1-0

[Event "CAN-Zonal qual. Online"]
[Site "Internet Chess Club"]
[Date "2021.06.02"]
[Round "8"]
[White "Plotkin, Mark"]
[Black "Preotu, Razvan"]
[Result "0-1"]
[WhiteElo "2430"]
[BlackElo "2487"]
[PlyCount "172"]
[EventDate "2021.05.31"]
[EventType "tourn (rapid)"]
[EventRounds "11"]
[EventCountry "CAN"]

1. e4 c5 2. c3 Nf6 3. e5 Nd5 4. Bc4 Nb6 5. Bb3 d6 6. Nf3 c4 7. Ba4+ Nxa4 8.
Qxa4+ Nc6 9. exd6 Be6 10. dxe7 Bxe7 11. O-O O-O 12. b3 Re8 13. Na3 a6 14. bxc4
Bg4 15. d4 Bxf3 16. gxf3 Bd6 17. Qd1 Qh4 18. f4 Bxf4 19. Bxf4 Qxf4 20. Qd3 Re6
21. Rae1 Rh6 22. h3 Rd8 23. Re3 Rg6+ 24. Kh1 Qg5 25. Qe4 f5 26. Qf3 f4 27. Re2
Ne7 28. Re5 Qf6 29. Rfe1 Nf5 30. Qxf4 Rf8 31. Re8 Qf7 32. Rxf8+ Qxf8 33. Nc2
Rh6 34. Kh2 Rf6 35. Re2 Nd6 36. Qh4 Rf4 37. Qg3 Ne4 38. Qe3 Ng5 39. Ne1 h6 40.
Kg2 Qf5 41. Qd3 Qf7 42. d5 Rf6 43. h4 Nh7 44. Nf3 Qh5 45. Ng1 Nf8 46. Qd4 Ng6
47. d6 Nf4+ 48. Kf1 Nxe2 49. Nxe2 Qe8 50. Ng3 Qd7 51. c5 Rf7 52. Kg2 Qc6+ 53.
Kg1 Qd7 54. Qe4 b6 55. cxb6 Qxd6 56. Qe8+ Rf8 57. Qe3 Rb8 58. Nf5 Qg6+ 59. Ng3
Qxb6 60. Qd2 Rd8 61. Qe2 Qf6 62. Qc4+ Kh8 63. Kg2 Rf8 64. Qe2 Qc6+ 65. Kg1 Qxc3
66. Qxa6 Qe1+ 67. Qf1 Qxf1+ 68. Kxf1 Ra8 69. Kg2 Rxa2 70. Ne4 Kh7 71. Kg3 Kg6
72. Kg4 h5+ 73. Kf4 Ra1 74. Ng3 Rb1 75. Kf3 Rb4 76. Ne4 Rb3+ 77. Kg2 Kf5 78. f3
Kf4 79. Ng5 Rb2+ 80. Kh3 Re2 81. Nh7 Kxf3 82. Nf8 Re1 83. Kh2 Kg4 84. Ng6 Re6
85. Nf8 Rd6 86. Nh7 Kxh4 0-1

[Event "CAN-Zonal qual. Online"]
[Site "Internet Chess Club"]
[Date "2021.06.02"]
[Round "8"]
[White "Talukdar, Rohan"]
[Black "Rusonik, Max"]
[Result "1-0"]
[WhiteElo "2341"]
[BlackElo "2047"]
[PlyCount "99"]
[EventDate "2021.05.31"]
[EventType "tourn (rapid)"]
[EventRounds "11"]
[EventCountry "CAN"]

1. e4 e5 2. Nf3 Nc6 3. Bb5 a6 4. Ba4 Nf6 5. O-O Nxe4 6. d4 b5 7. Bb3 d5 8. dxe5
Be6 9. Be3 Be7 10. c3 O-O 11. Nbd2 Bg4 12. Re1 Nxe5 13. Nxe4 Bxf3 14. gxf3 dxe4
15. fxe4 Qc8 16. Bf4 Ng6 17. Bg3 Qh3 18. Re3 Bc5 19. Rd3 Nh4 20. Qf1 Qg4 21. h3
Qxe4 22. Bd5 Qg6 23. Bxa8 Rxa8 24. Kh2 Qf6 25. Bxh4 Qxh4 26. Re1 Bxf2 27. Qg2
Rf8 28. Re4 Qf6 29. Qf3 Qc6 30. Re2 Qxf3 31. Rxf3 Bc5 32. Kg2 Rd8 33. Rf5 Bd6
34. a4 c6 35. Rd2 Kf8 36. Rf3 Ke7 37. Rfd3 bxa4 38. Rd4 a3 39. bxa3 Bc7 40.
Re4+ Kf8 41. Rxd8+ Bxd8 42. Rc4 Be7 43. Rxc6 Bxa3 44. Rxa6 Bb2 45. c4 Ke7 46.
Kf3 h5 47. Ke4 g6 48. c5 f6 49. Kd5 f5 50. Rxg6 1-0

[Event "CAN-Zonal qual. Online"]
[Site "Internet Chess Club"]
[Date "2021.06.03"]
[Round "9"]
[White "Gedajlovic, Max"]
[Black "Talukdar, Rohan"]
[Result "1/2-1/2"]
[WhiteElo "2270"]
[BlackElo "2341"]
[PlyCount "65"]
[EventDate "2021.05.31"]
[EventType "tourn (rapid)"]
[EventRounds "11"]
[EventCountry "CAN"]

1. d4 Nf6 2. c4 g6 3. Nc3 d5 4. cxd5 Nxd5 5. e4 Nxc3 6. bxc3 Bg7 7. Nf3 c5 8.
h3 Qa5 9. Bd2 O-O 10. Be2 e6 11. O-O Nc6 12. c4 Qc7 13. d5 Nd4 14. Nxd4 Bxd4
15. Rc1 e5 16. Kh1 f5 17. Bh6 Rf7 18. exf5 Bxf5 19. Be3 Raf8 20. Bxd4 exd4 21.
Bg4 Bxg4 22. Qxg4 Rxf2 23. Rxf2 Rxf2 24. Re1 d3 25. Kg1 Rf4 26. Re8+ Kg7 27.
Qe6 Rf7 28. d6 Qd7 29. Qe5+ Kh6 30. Qe3+ Kg7 31. Qe5+ Kh6 32. Qe3+ Kg7 33. Qe5+
1/2-1/2

[Event "CAN-Zonal qual. Online"]
[Site "Internet Chess Club"]
[Date "2021.06.03"]
[Round "9"]
[White "Kleinman, Michael"]
[Black "Chen, Max"]
[Result "1-0"]
[WhiteElo "2387"]
[BlackElo "1997"]
[PlyCount "85"]
[EventDate "2021.05.31"]
[EventType "tourn (rapid)"]
[EventRounds "11"]
[EventCountry "CAN"]

1. Nf3 Nf6 2. c4 g6 3. b3 Bg7 4. Bb2 O-O 5. g3 d5 6. Bg2 c5 7. cxd5 Nxd5 8.
Bxg7 Kxg7 9. O-O Nc6 10. d4 cxd4 11. Nxd4 Nxd4 12. Qxd4+ Nf6 13. Qe5 Qb6 14.
Nc3 Be6 15. Na4 Qb4 16. Nc5 Bd5 17. Qxe7 Qb6 18. Bxd5 Rae8 19. Qxb7 Qxc5 20.
Bf3 Re7 21. Qa6 Rd7 22. Rac1 Qg5 23. b4 h5 24. h4 Qd2 25. b5 g5 26. hxg5 Qxg5
27. Qa4 Rfd8 28. Qf4 Qg6 29. Rc5 Rd4 30. Rg5 Rxf4 31. Rxg6+ fxg6 32. gxf4 Rd2
33. Ra1 Kf7 34. a4 Rb2 35. Rc1 Rb4 36. Rc7+ Ke6 37. Rxa7 Rxf4 38. a5 g5 39. a6
g4 40. Bc6 Rb4 41. Rg7 h4 42. a7 Nh5 43. a8=Q 1-0

[Event "CAN-Zonal qual. Online"]
[Site "Internet Chess Club"]
[Date "2021.06.03"]
[Round "9"]
[White "Plotkin, Victor"]
[Black "Bellissimo, Joseph"]
[Result "0-1"]
[WhiteElo "2367"]
[BlackElo "2203"]
[PlyCount "116"]
[EventDate "2021.05.31"]
[EventType "tourn (rapid)"]
[EventRounds "11"]
[EventCountry "CAN"]

1. e4 e6 2. d4 d5 3. exd5 exd5 4. Nf3 Nc6 5. Bd3 Bd6 6. O-O Nge7 7. c3 Bg4 8.
Nbd2 Qd7 9. b4 O-O 10. Re1 Bf5 11. Qc2 Bxd3 12. Qxd3 Ng6 13. Nf1 a5 14. b5 Nd8
15. a4 Ne6 16. Ng3 Rae8 17. Bd2 Nef4 18. Bxf4 Nxf4 19. Qd2 f6 20. Rxe8 Rxe8 21.
Re1 c6 22. Rxe8+ Qxe8 23. bxc6 bxc6 24. Nf5 Qg6 25. N3h4 Qg5 26. Qe3 Bf8 27. g3
Nh3+ 28. Kg2 Qxe3 29. Nxe3 Ng5 30. c4 dxc4 31. Nxc4 Bb4 32. Nf3 Ne4 33. Kf1 Kf7
34. Ke2 Nc3+ 35. Kd3 Nxa4 36. Nfd2 Nc3 37. Nb2 a4 38. Kc4 Ba5 39. Nd3 a3 40.
Nb3 a2 41. Nb4 Bxb4 42. Kxb4 Nb5 43. Kc5 Ke7 44. d5 Nc3 45. Kxc6 Ne4 46. f4 g5
47. fxg5 fxg5 48. Kc7 h5 49. Na1 Nf6 50. d6+ Ke6 51. Kc6 Nd7 52. Kc7 Ne5 53.
Nc2 g4 54. Na1 Kd5 55. d7 Nxd7 56. Kxd7 Kc4 57. Ke6 Kc3 58. Kd5 Kb2 0-1

[Event "CAN-Zonal qual. Online"]
[Site "Internet Chess Club"]
[Date "2021.06.03"]
[Round "9"]
[White "Preotu, Razvan"]
[Black "Bareev, Evgeny"]
[Result "1-0"]
[WhiteElo "2487"]
[BlackElo "2638"]
[PlyCount "53"]
[EventDate "2021.05.31"]
[EventType "tourn (rapid)"]
[EventRounds "11"]
[EventCountry "CAN"]

1. e4 e6 2. d4 d5 3. Nc3 dxe4 4. Nxe4 Nd7 5. Nf3 Ngf6 6. Bd3 c5 7. Nxf6+ Nxf6
8. O-O cxd4 9. Nxd4 Bc5 10. c3 O-O 11. Bg5 h6 12. Bh4 Bxd4 13. cxd4 Bd7 14. Re1
Bc6 15. Re5 Qe7 16. Bc2 Rfd8 17. Qd3 Kf8 18. f4 Rd7 19. f5 Rb8 20. fxe6 fxe6
21. Rf1 Qf7 22. Qg3 Rbd8 23. Bg6 Qe7 24. Rh5 Rxd4 25. Bxf6 gxf6 26. Rxh6 Qg7
27. Rh7 1-0

[Event "CAN-Zonal qual. Online"]
[Site "Internet Chess Club"]
[Date "2021.06.03"]
[Round "9"]
[White "Rusonik, Max"]
[Black "Plotkin, Mark"]
[Result "0-1"]
[WhiteElo "2047"]
[BlackElo "2430"]
[PlyCount "72"]
[EventDate "2021.05.31"]
[EventType "tourn (rapid)"]
[EventRounds "11"]
[EventCountry "CAN"]

1. e4 g6 2. d4 Bg7 3. Nc3 d6 4. Be3 a6 5. g4 b5 6. Bg2 Bb7 7. h4 b4 8. Nce2 Nf6
9. g5 Nfd7 10. h5 e5 11. Qd2 O-O 12. Qxb4 Nb6 13. d5 a5 14. Qc3 c6 15. Qb3 Ra6
16. hxg6 hxg6 17. f4 cxd5 18. exd5 a4 19. Qd3 a3 20. f5 axb2 21. Rb1 e4 22.
Qxe4 Re8 23. Qh4 gxf5 24. Bd4 Re5 25. g6 Qxh4+ 26. Rxh4 fxg6 27. Rxb2 N8d7 28.
Bxe5 Bxe5 29. Rb5 Rxa2 30. Nf3 Ba6 31. Nxe5 dxe5 32. c4 Nxc4 33. d6 Bxb5 34.
Bd5+ Kg7 35. Bxc4 Bxc4 36. Rxc4 Ra6 0-1

[Event "CAN-Zonal qual. Online"]
[Site "Internet Chess Club"]
[Date "2021.06.03"]
[Round "10"]
[White "Bareev, Evgeny"]
[Black "Chen, Max"]
[Result "1-0"]
[WhiteElo "2638"]
[BlackElo "1997"]
[PlyCount "53"]
[EventDate "2021.05.31"]
[EventType "tourn (rapid)"]
[EventRounds "11"]
[EventCountry "CAN"]

1. c4 Nf6 2. Nc3 d5 3. cxd5 Nxd5 4. Nf3 g6 5. e4 Nxc3 6. dxc3 Qxd1+ 7. Kxd1 f6
8. Be3 e5 9. Kc2 Be6 10. Nd2 Nd7 11. Bc4 Kf7 12. Rhd1 Bc5 13. Nb3 Bd6 14. Bd5
Bxd5 15. Rxd5 f5 16. exf5 gxf5 17. f4 exf4 18. Bxf4 Nb6 19. Rxf5+ Kg6 20. Rg5+
Kf6 21. Rf1 Bxf4 22. h4 Raf8 23. Rxf4+ Ke7 24. Rg7+ Kd8 25. Rxf8+ Rxf8 26. Nc5
Nc4 27. Ne6+ 1-0